Statistiken für Belize-Quiz

Klicken Sie hier um das Quiz zu spielen!

Allgemein

  • Dieses Quiz wurde 1.081 mal gespielt
  • Das Durchschnittsergebnis liegt bei 13 aus 18

Antwortstatistiken

FrageAntwort% Korrekt
NachbarlandGuatemala
96%
NachbarlandMexiko
96%
Zweite meistgesprochene SpracheSpanisch
96%
AmtsspracheEnglisch
91%
Meer, an dem Belize grenztKaribisches Meer
90%
WährungBelize-Dollar
87%
Land, von welchem Belize 1981 unabhängig wurdeVereinigtes Königreich
84%
Ehemalige Zivilisation, bekannt für Pyramiden, Kalender und SchriftMaya
83%
HauptstadtBelmopan
74%
Das zweitlängste Barrier___ befindet sich entlang der Küste BelizeRiff
74%
Frucht, die 15% der Exporte von Belize ausmachtBanane
71%
Halbinsel, auf welcher Belize sitztYucatán
67%
Belize hat weltweit die sechsthöchste ___rateMord
63%
Riesige runde Doline und beliebter TauchortGreat {Blue} Hole
53%
Naturkatastrophe, die 1961 so viele Gebäude zerstörte, dass Belize seine Hauptstadt verlagern mussteHurrikan
49%
Größte StadtBelize City
43%
50% der Bevölkerung von Belize gehören dieser Ethnie an, eine Mischung von Europäern und indigenen VölkernMestize
32%
NationalvogelFischer{tukan}
17%

Verteilung der Resultate

Perzentil nach korrekt beantworteten Fragen

Anzahl Personen mit jedem Resultat

Ihre Resultats-Entwicklung

Sie haben dieses Quiz noch nicht gespielt